Idea de la naturaleza

Análisis sobre la comprensión filosófica del concepto de naturaleza, a través de tres épocas cosmológicas en las que figura la idea de la naturaleza en el centro del pensamiento. En este sentido, se estudia la histórica relación estrecha entre la ciencia y la filosofía, partiendo del pensamiento de...

Descrizione completa

Salvato in:
Dettagli Bibliografici
Autore principale: Collingwood, Robin George
Natura: Libro
Lingua:Undetermined
Pubblicazione: México, Distrito Federal Fondo de Cultura Económica 1950
Soggetti:
Tags: Aggiungi Tag
Nessun Tag, puoi essere il primo ad aggiungerne!!

MARC

LEADER 00000nam a2200000Ia 4500
008 170316s9999 xx 000 0 und d
040 |a cru BVZT 
090 |a 100 C-33id 
100 |a Collingwood, Robin George  |9 1646 
245 |a Idea de la naturaleza  |c / Robin George Collingwood 
260 |a México, Distrito Federal  |b Fondo de Cultura Económica  |c 1950 
300 |a 211 páginas 
520 |a Análisis sobre la comprensión filosófica del concepto de naturaleza, a través de tres épocas cosmológicas en las que figura la idea de la naturaleza en el centro del pensamiento. En este sentido, se estudia la histórica relación estrecha entre la ciencia y la filosofía, partiendo del pensamiento de la Antigua Grecia, pasando por el renacimiento y la modernidad. Finalmente se muestran una serie de consecuencias de esta idea. 
650 |a FILOSOFÍA  |9 5 
999 |c 15912  |d 15912 
942 |c 15 D  |h 100 C-33id  |2 z